Flexible cellular polymeric materials- Determination of compression set (Record no. 74055)

MARC details
000 -LEADER
fixed length control field 00436nam a2200133Ia 4500
245 #0 - TITLE STATEMENT
Title Flexible cellular polymeric materials- Determination of compression set
260 ## - PUBLICATION, DISTRIBUTION, ETC. (IMPRINT)
Place of publication Geneva,Switzerland
260 ## - PUBLICATION, DISTRIBUTION, ETC. (IMPRINT)
Year of publication 2000
Name of publisher International Organization for Standardization
490 ## - SERIES STATEMENT
Series statement International Standard
500 ## - GENERAL NOTE
General note Standard number: ISO 1856
650 ## - SUBJECT ADDED ENTRY--TOPICAL TERM
Topical Term Polymeric materials
942 ## - ADDED ENTRY ELEMENTS (KOHA)
Koha item type Standards
Holdings
Withdrawn status Lost status Damaged status Not for loan Home library Current library Date acquired Koha item type
      Standards RRII Library RRII Library 31/12/2021 Standards